00902nab a2200265uuc4500001000800000005001700008008004100025035001200066035002100078040001300099041000800112100003700120245006900157260001000226650003300236650003800269650004900307650003700356650002500393700005200418700003500470773010200505942001000607999001900617107395120260216144344.0080331s2007 spa  a1073951 a(OCoLC)820395528 ccomduadb aspa10aSotillo, Maria4auteaut950621810aLenguaje y teoria de la mente : el caso del sindrome de Williams c2007. aSindrome de Williams9176672 7aPsicolingüística2lemb931208 7aInteracción social en niños2lemb989257 7aNiñosxLenguaje2embne9174236 aOntogénesis97512010aGarcia Nogales, Maria Angeles4auteaut945268710aCampos, Ruth4auteaut94526880 tInfancia y Aprendizaje (Madrid)gVol. 30, No. 003, Jul.-Sep. 2007, 459-474w6966x0210-370204743 cARIMP c445736d445736